000 01137cab a2200217 4500
001 X91591
008 090401t1998 xxu||||| |||| 00| 0 eng d
035 _a(Sirsi) u86080
041 _aeng
245 _aCarrick DC v Falmouth Boat Construction Ltd
260 _c1998
350 _a0
490 _aPlanning Appeal Decisions
_v(1998) 13 PAD 238-242(5)
520 _aPlanning and listed building consent applications - filling and levelling derelict dry dock - extending hard standing - repair, construction and laying-up of vessels - grade II listed building - special regard to desirability of preserving - whether damage to setting or features - whether proposals would help to preserve dry dock`s remains - whether benefits to community overrode harm to building or setting - structure and local plans - whether alterations or demolition - dock partly infilled prior to listing - part of crowded boatyard - dry dock`s footprint 500sq.
650 _aCARRICK DC V FALMOUTH BOAT CONSTRUCTION LTD
650 _aDRY DOCK
650 _aPPG15
690 _aPLANNING LAW AND PRACTICE-CASE LAW
942 _n0
948 _c07/05/1998
999 _c54150
_d54150